| 000 | 00777nam a2200241 a 4500 | ||
|---|---|---|---|
| 999 |
_c1167 _d1167 |
||
| 001 | 12984 | ||
| 003 | BD-DhUAP | ||
| 005 | 20210120122743.0 | ||
| 008 | 200203m20092004bg a b 001 0 eng d | ||
| 020 | _a984321148X | ||
| 040 |
_aBD-DhUAP _cBD-DhUAP _dBD-DhUAP _bEng |
||
| 082 | 0 | 0 |
_a347.5492 HAL _223 |
| 100 | 1 | _aHalim, Md. Abdul. | |
| 245 | 1 | 0 |
_aThe Legal System of Bangladesh : _ba comparative study of problems and procedure in legal institutions / _cMd. Abdul Halim. |
| 250 | _a4th ed. | ||
| 260 |
_aDhaka : _bCCB Foundation, _cc2009. |
||
| 300 |
_a496 pages : _billustrations ; _c22 cm. |
||
| 504 | _aIncludes bibliography and index. | ||
| 650 | 0 | _aConstitutional Law. | |
| 650 | 0 |
_aLaw _zBangladesh. |
|
| 942 |
_2ddc _cBK |
||